00637nam a2200229 a 4500001001300000003000900013005001700022008004100039020001000080082001600090100002000106245003100126260003300157300000800190500003500198650000800233700002000241902000800261942000700269952011600276999001500392nice12345678IN_TiNIC20260116012143.0070713s0000 teha grp 000 0 per  ac10000a241.31bLEV aLevonian, Lotfi aMaraz-I-gunah-oo`alaj-i-au aTehranbMatba Brokheemc0000 a12p aincludes index and biblioraphy aSin1 aLevonian, Lotfi bSRS cBK 001040708StackRoom-aHMIbHMId2007-07-13g100.00l0o241.31 LEVp05030r2007-07-13v100.00w2007-07-13yBK c5852d5852